Asphalt pavements performance at Baltimore-Washington International Airport (Record no. 548231)
[ view plain ]
| 000 -LEADER | |
|---|---|
| fixed length control field | 00406nam a22001337a 4500 |
| 082 ## - DEWEY DECIMAL CLASSIFICATION NUMBER | |
| Classification number | 629.13634 |
| Author Mark | WTT |
| -- | Donation |
| 100 ## - MAIN ENTRY--PERSONAL NAME | |
| Personal name | M.W. Witczak |
| 9 (RLIN) | 44447 |
| 245 ## - TITLE STATEMENT | |
| Title | Asphalt pavements performance at Baltimore-Washington International Airport |
| 260 ## - PUBLICATION, DISTRIBUTION, ETC. | |
| Place of publication, distribution, etc. | Maryland |
| Name of publisher, distributor, etc. | The Asphalt Institute |
| Date of publication, distribution, etc. | 1972 |
| 300 ## - PHYSICAL DESCRIPTION | |
| Extent | Illus |
| Other physical details | 91 |
| 526 ## - STUDY PROGRAM INFORMATION NOTE | |
| Program name | 0 |
| Interest level | 0 |
| Reading level | 0 |
| Title point value | 629_136340000000000_WTT |
| 650 ## - SUBJECT ADDED ENTRY--TOPICAL TERM | |
| Topical term or geographic name entry element | MCE |
| 9 (RLIN) | 379 |
| 942 ## - ADDED ENTRY ELEMENTS (KOHA) | |
| Source of classification or shelving scheme | |
| Koha item type | Book |
| Withdrawn status | Lost status | Source of classification or shelving scheme | Damaged status | Not for loan | Permanent Location | Current Location | Date acquired | Total Checkouts | Full call number | Barcode | Date last seen | Price effective from | Koha item type |
|---|---|---|---|---|---|---|---|---|---|---|---|---|---|
| Military College of Engineering (MCE) | Military College of Engineering (MCE) | 08/25/2014 | 629.13634 WTT | MCE-42131 | 08/25/2014 | 08/25/2014 | Book |
